000
00339nam a22001457a 4500
008
221010b ||||| |||| 00| 0 eng d
020
_a
1558321047
041
_a
eng
080
_2
THIRD EDITION
_a
618
082
_a
618HUGG
100
_a
15.2
101
_a
GINE
245
_a
THE NURSING MOTHER'S COMPANION
_c
HUGGINS K
942
_2
udc
_c
BK
999
_c
58431
_d
58431